ASSESSING THE ANTIMICROBIAL EFFICACY (AGAINST PORPHYROMONAS GINGIVALIS) OF GREEN TEA BREWED AT VARIOUS CONCENTRATION-TIME COMBINATIONS AND ITS COMPARISON WITH VARIOUS COMMERCIALLY AVAILABLE MOUTHWASHES-An INVITRO STUDY (Record no. 15880)

MARC details
000 -LEADER
fixed length control field 00505nam a22001337a 4500
003 - CONTROL NUMBER IDENTIFIER
control field SGT
082 ## - DEWEY DECIMAL CLASSIFICATION NUMBER
Classification number 617.632
Item number A16B
100 ## - MAIN ENTRY--PERSONAL NAME
Personal name BHARADWAJ, PEARL
245 ## - TITLE STATEMENT
Title ASSESSING THE ANTIMICROBIAL EFFICACY (AGAINST PORPHYROMONAS GINGIVALIS) OF GREEN TEA BREWED AT VARIOUS CONCENTRATION-TIME COMBINATIONS AND ITS COMPARISON WITH VARIOUS COMMERCIALLY AVAILABLE MOUTHWASHES-An INVITRO STUDY
260 ## - PUBLICATION, DISTRIBUTION, ETC. (IMPRINT)
Place of publication, distribution, etc DELHI NCR
Name of publisher, distributor, etc SGT UNIVERSITY GURUGRAM
Year of Publication 2016
300 ## - PAGE DESCRIPTION
No. of Pages 1-85
650 ## - SUBJECT ADDED ENTRY--TOPICAL TERM
Topical term or geographic name as entry element PERIODONTOLOGY
942 ## - ADDED ENTRY ELEMENTS (KOHA)
Source of classification or shelving scheme Dewey Decimal Classification
Koha item type Thesis/Dissertation
Holdings
Withdrawn status Lost status Source of classification or shelving scheme Damaged status Not for loan Home library Current library Shelving location Date acquired Vendor Name SGTU Total Checkouts Full call number Accession No. (Barcode) Date last seen Bill Date Koha item type Collection code
    Dewey Decimal Classification     SGT Dental Library SGT Dental Library Reference Book 30/08/2018 PERFECT BOOK BINDING HOUSE SGTU   617.632 A16B DT401 30/08/2018 30/08/2018 Thesis/Dissertation  
    Dewey Decimal Classification   Not For Loan SGT Medical Library SGT Medical Library Reference Book 12/10/2020   SGTU   617.632 A16B DT868 12/10/2020 12/10/2020 Thesis/Dissertation MEDICAL